00776nam a22002417a 4500999001500000001000500015003000900020005001700029008004100046020001500087040002800102082001600130100002500146245008800171250001200259260003000271300004500301650001600346700002400362700002200386942001200408952011400420 c7712d77121011BD-DhUAP20210130120344.0201224s1989 nyua 001 0 eng d a025607349x aDLCcDLCdBD-DhUAPbeng00a657 HER223 aHermanson, Roger H. 00aAccounting principles /cRoger H. Hermanson, James Don Edwards and R. F. Salmonson. a4td ed. aBoston : bIrwin,cc1989. avarious pages :billustrations ;c26 cm. 0aAccounting. aEdwards, James Don. aSalmonson, R. F.  2ddccBK 00102ddc4070aUAPCLbUAPCLcReserve Stacksd2021-01-30o657 HERp3010001011r2021-01-30t1w2021-01-30yBK